[Event "Troya op 24th"]
[Site "Canakkale"]
[Date "2016.08.08"]
[Round "1"]
[White "Chigladze, Iveri"]
[Black "Ahmadov, Vusal Karimkhan"]
[Result "1-0"]
[WhiteElo "2346"]
[BlackElo "1859"]
[PlyCount "37"]
[EventDate "2016.08.08"]
[EventType "swiss"]
[EventRounds "9"]
[EventCountry "TUR"]
[SourceTitle "CBM 173 Extra"]
[Source "ChessBase"]
[SourceDate "2016.08.29"]
[SourceVersion "1"]
[SourceVersionDate "2016.08.29"]
[SourceQuality "1"]

1. d4 Nf6 2. c4 e6 3. Nc3 Bb4 4. Qc2 c5 5. dxc5 Na6 6. a3 Bxc3+ 7. Qxc3 Nxc5 8. b4 Nce4 9. Qb2 d5 10. c5 d4 11. e3 e5 12. Nf3 Ng4 13. Bb5+ Kf8 14. exd4 Nexf2 15. 0-0 e4 16. Ne5 Nxe5 17. Qxf2 Nf3+ 18. gxf3 Bh3 19. Re1 1-0

[Event "Poti Aleksandria Cup 11th"]
[Site "Poti"]
[Date "2016.07.14"]
[Round "2"]
[White "Chigladze, Iveri"]
[Black "Petriashvili, Nikoloz"]
[Result "1-0"]
[WhiteElo "2342"]
[BlackElo "2147"]
[PlyCount "93"]
[EventDate "2016.07.13"]
[EventType "swiss"]
[EventRounds "9"]
[EventCountry "GEO"]
[SourceTitle "CBM 173 Extra"]
[Source "ChessBase"]
[SourceDate "2016.08.29"]
[SourceVersion "1"]
[SourceVersionDate "2016.08.29"]
[SourceQuality "1"]

1. Nf3 c5 2. c4 g6 3. Nc3 Bg7 4. e3 Nf6 5. d4 0-0 6. Be2 cxd4 7. exd4 d5 8. c5 Bg4 9. h3 Bxf3 10. Bxf3 Nc6 11. 0-0 b6 12. Qa4 Rc8 13. Rd1 e6 14. Bf4 Nd7 15. Bd6 Re8 16. Nb5 bxc5 17. dxc5 Bxb2 18. Rab1 Bg7 19. Rdc1 a5 20. a3 Bh6 21. Rc2 Bf8 22. Rbc1 Bh6 23. Rd1 Bf8 24. Be2 Ncb8 25. Rdc1 Bh6 26. Bf4 Bxf4 27. Qxf4 Rc6 28. Nd6 Rf8 29. Bb5 Rc7 30. c6 Nb6 31. Nb7 Qe7 32. Qe3 Nc8 33. Nxa5 Nd6 34. a4 Rfc8 35. Qb6 Nf5 36. Bd3 Ng7 37. Qd4 Qe8 38. Bb5 Nf5 39. Qe5 Ne7 40. g4 Qd8 41. Qg3 f6 42. Nb7 Qf8 43. Qd6 e5 44. Qe6+ Kg7 45. a5 Qg8 46. Qd6 Qf8 47. Nc5 1-0

[Event "Tbilisi Gaprindashvili Cup"]
[Site "Tbilisi"]
[Date "2015.09.16"]
[Round "8"]
[White "Chigladze, Iveri"]
[Black "Lomsadze, David"]
[Result "0-1"]
[WhiteElo "2364"]
[BlackElo "2321"]
[PlyCount "96"]
[EventDate "2015.09.09"]
[EventType "swiss"]
[EventRounds "9"]
[EventCountry "GEO"]
[SourceTitle "EXT 2016"]
[Source "ChessBase"]
[SourceDate "2015.10.08"]
[SourceVersion "1"]
[SourceVersionDate "2015.10.08"]
[SourceQuality "1"]

1. d4 Nf6 2. c4 g6 3. Nc3 Bg7 4. e4 d6 5. Nf3 0-0 6. Be2 Nbd7 7. 0-0 c6 8. a3 e5 9. d5 c5 10. Ne1 Ne8 11. Nd3 b6 12. Kh1 f5 13. f4 Qe7 14. Bf3 exf4 15. Nxf4 Bxc3 16. bxc3 fxe4 17. Bg4 Ne5 18. Be6+ Bxe6 19. Nxe6 Rxf1+ 20. Qxf1 Ng7 21. Bg5 Qf7 22. Qxf7+ Nxf7 23. Bf6 Nxe6 24. dxe6 Nd8 25. e7 Nc6 26. Rd1 Kf7 27. Rxd6 Nxe7 28. Bg5 Nf5 29. Rd7+ Ke6 30. Rxh7 Nd6 31. Re7+ Kf5 32. h4 Re8 33. Rxe8 Nxe8 34. Be7 Ke6 35. Bf8 Kf7 36. Bh6 Nd6 37. Kh2 Nxc4 38. Bc1 Ke6 39. g4 e3 40. Kg3 e2 41. Kf2 Ne5 42. Kxe2 Nxg4 43. Kf3 Kf5 44. Bf4 Ne5+ 45. Bxe5 Kxe5 46. Kg4 b5 47. Kg5 a5 48. Kxg6 b4 0-1